[Event "Ch Europe"]
[Site "masterchessopen.com Warsaw (Poland)"]
[Date "2005.06.26"]
[Round "8"]
[White "Del Rio Angelis Salvador G (ESP)"]
[Black "Filippov Valerij (RUS)"]
[Result "0-1"]
[WhiteElo "2489"]
[BlackElo "2590"]

{ Filippov Valerij (RUS) +0 =1 -0 } 1.d4 d5 2.c4 e6 3.Nf3 Nf6 4.Nc3 Bb4 5.e3
O-O 6.Bd3 c5 7.O-O Nc6 8.a3 Bxc3 9.bxc3 Qc7 10.cxd5 exd5 { ?/= } 11.Nd2 (
11.Nh4 Qa5 12.Bb2 c4 13.Bc2 Ne4 14.Qe1 Qd8 15.f3 Nd2 16.Qxd2 Qxh4 17.e4 Be6
18.Rae1 f5 19.a4 fxe4 20.Ba3 Rf7 21.fxe4 Qh5 22.Rxf7 Bxf7 23.Rf1 dxe4 24.Bxe4
Re8 25.Qf4 Nd8 26.Bf5 Qe2 27.Qh4 h5 28.Bc1 Bd5 29.Qg3 Rf8 30.Qg6 Rxf5 {
...1-0, Lautier Joel 2660 - Kramnik Vladimir 2770 , Monte Carlo 1997 It
"Melody Amber" (blindfold) } ) ( 11.a4 Re8 12.Ba3 c4 13.Bc2 Ne4 14.Bxe4 Rxe4
15.Nd2 Re8 16.e4 dxe4 17.Re1 Bf5 18.Nxc4 Rad8 19.Ne3 Bc8 20.Qh5 Qa5 21.Qxa5
Nxa5 22.d5 b6 23.Bb4 Nb7 24.a5 f5 25.axb6 axb6 26.Ra7 b5 27.g3 Nd6 28.Bxd6
Rxd6 29.Rb1 Bd7 30.Rba1 Rc8 { ...1/2-1/2, Lautier Joel 2630 - Kramnik Vladimir
2780 , Monaco 1998 It "Melody Amber" (active) } ) 11...c4 ( 11...Re8 12.Bb1
Bg4 13.f3 Bh5 14.Re1 Bg6 15.Bxg6 hxg6 16.Nf1 Re7 17.Ra2 Rae8 18.Rae2 b5 19.Ng3
Qb6 20.Bb2 Rd8 21.Kh1 a5 22.a4 Rb7 23.axb5 Qxb5 24.Ba3 cxd4 25.cxd4 Nb4 26.Rd2
Ne8 27.Qb3 Nd6 28.Rb1 Ne4 29.Rdd1 Qd7 30.Ra1 Rc8 31.Bc1 { ...0-1, Kirichenko
Vitaly IV 2425 - Ovsejevitsch Sergei 2521 , Alushta 2003 Ukrainian Games } ) (
11...Ng4 12.g3 c4 13.Bb1 f5 14.Re1 Be6 15.f3 Nf6 16.a4 Qa5 17.Qc2 Rf7 18.Ba3
Rd8 19.Ba2 Qc7 20.Re2 a6 21.Qb2 Rb8 22.Rae1 b5 23.axb5 axb5 24.Bc5 Nd7 25.Bb4
Nxb4 26.Qxb4 Ra8 27.Bb1 Qa5 28.Qxa5 Rxa5 29.e4 fxe4 30.fxe4 Nf6 31.exd5 {
...1-0, Rivas Pastor Manuel 2520 - Eslon Jaan 2420 , Sevilla 1992 It (open) }
) 12.Bb1 ( 12.Bc2 Ng4 13.g3 f5 14.a4 Qa5 15.Ra3 Bd7 16.Re1 Rae8 17.Nf1 Nf6
18.f3 Rf7 19.Bd2 Qc7 20.Ra1 g6 21.Qe2 Qc8 22.Qd1 Nd8 23.Bc1 Rfe7 24.Re2 Nf7
25.Qe1 Ng5 26.Nd2 f4 27.e4 dxe4 28.fxe4 f3 29.Re3 Ng4 30.Rxf3 Nxf3+ 31.Nxf3
Bc6 { ...1-0, Graf Alexander 2642 - Gavrikov Viktor 2549 , Bad Wiessee 2000 It
(open) } ) ( 12.Be2 Re8 13.Re1 Bf5 14.a4 Ne4 15.Nxe4 { 1/2-1/2, Braun Arik
2480 - Jens Jelmer 2366 , Deizisau 2003 It (juniors) } ) 12...Re8 { +0.52 CAP
N } ( 12...Ng4 13.g3 f5 14.Re1 Re8 15.Nf1 Be6 16.Ra2 Qd7 17.f3 Nf6 18.h3 h5
19.Rh2 Ne7 20.Qc2 Bf7 21.Qf2 Bg6 22.Bc2 Rf8 23.a4 Qd6 24.Bb2 Nh7 25.Ra1 Rf6
26.Ba3 Qe6 27.f4 Nc6 28.Nd2 h4 29.Rg2 hxg3 30.Qxg3 Rc8 31.Re1 Rc7 32.Nf3 {
...1-0, Taimanov Mark E 2510 - Osnos Viatcheslav 2430 , St. Petersburg 1995
Memorial S.Furman } ) 13.Re1 Bg4 14.f3 Bh5 15.Nf1 Bg6 16.Ng3 Qb6 17.Bc2 Re7 {
?! ? } ( 17...Bxc2 { !? } 18.Qxc2 Qb3 19.Qxb3 cxb3 { = } ) 18.a4 { ?! = } (
18.e4 { !? } 18...Qa5 19.Bd2 Rae8 20.e5 { ? } ) 18...Rae8 19.Nf5 Re6 20.Rb1
Qc7 21.g4 Na5 22.Kg2 h5 23.g5 Nh7 24.Rb5 { ?! ? } ( 24.f4 { !? } 24...Nb3
25.Ba3 Qd7 26.a5 { ? } ) 24...Qd8 25.h4 a6 26.Rc5 { ?! ?/??+ } ( 26.Rb4 { !? }
26...Nxg5 27.Ng3 Nh7 28.e4 { ?/??+ } ) 26...Nb3 { ?! ? } ( 26...b6 { !? }
27.Rxa5 bxa5 28.Ng3 Bxc2 { ?/??+ } ) 27.Bxb3 b6 28.Bc2 { ?! ?/??+ } ( 28.Nxg7
{ !? } 28...Kxg7 29.Rxc4 dxc4 30.Bxc4 { ? } ) 28...bxc5 29.f4 Qc8 30.dxc5 Qxc5
31.Ng3 { ?! ??+ } ( 31.Kf2 { !? } 31...Nf8 32.Nxg7 Kxg7 33.f5 { ?/??+ } )
31...Bxc2 32.Qxc2 g6 33.Rd1 Qc6 34.Rd4 Nf8 35.Qd1 Nd7 36.Qf3 { ?! ??+ } (
36.f5 { !? } 36...R6e7 37.e4 dxe4 38.Rd6 { ?/??+ } ) 36...Nc5 37.f5 Re5
38.Rxc4 Qd6 39.Rf4 Nd3 40.Bd2 Nxf4+ 41.Qxf4 Qc6 42.Kf2 Qc4 43.Qd4 Qxd4 44.cxd4
Rxf5+ 45.Nxf5 gxf5 46.Kf3 Re4 { ??+ } {#R} 0-1

[Event "Cup North Sea (open)"]
[Site "masterchessopen.com Esbjerg (Denmark)"]
[Date "2005.07.04"]
[Round "4"]
[White "Belov Vladimir (RUS)"]
[Black "Pilgaard Kim (DEN)"]
[Result "1-0"]
[WhiteElo "2620"]
[BlackElo "2423"]

{ } 1.d4 Nf6 2.c4 e6 3.Nc3 Bb4 4.e3 O-O 5.Bd3 c5 6.Nf3 d5 7.O-O Nc6 8.a3 Bxc3
9.bxc3 Qc7 10.cxd5 exd5 11.a4 { ?/= } 11...c4 ( 11...Re8 12.Ba3 c4 13.Bc2 Ne4
14.Bxe4 Rxe4 15.Nd2 Re8 16.e4 dxe4 17.Re1 Bf5 18.Nxc4 Rad8 19.Ne3 Bc8 20.Qh5
Qa5 21.Qxa5 Nxa5 22.d5 b6 23.Bb4 Nb7 24.a5 f5 25.axb6 axb6 26.Ra7 b5 27.g3 Nd6
28.Bxd6 Rxd6 29.Rb1 Bd7 30.Rba1 Rc8 31.Rb7 { ...1/2-1/2, Lautier Joel 2630 -
Kramnik Vladimir 2780 , Monaco 1998 It "Melody Amber" (active) } ) 12.Bc2 Bg4
( 12...Re8 13.Nd2 Bg4 14.f3 Bh5 15.Re1 Rad8 16.Nf1 Bg6 17.Ng3 Qa5 18.Bd2 a6
19.e4 dxe4 20.fxe4 Nh5 21.Nf1 Nf6 22.Ng3 Nh5 23.Nf1 Nf6 24.Ng3 { 1/2-1/2,
Kamsky Gata 2735 - Salov Valery 2685 , Sanghi Nagar 1995 Ch World (match)
(cand.) (1/2) } ) 13.Qe1 Bh5 { +0.85 CAP } ( 13...Bxf3 14.gxf3 Qd7 15.Qe2 Rfe8
16.Kh1 Qh3 17.Rg1 Nh5 18.e4 Re6 19.Be3 Ne7 20.Rab1 b6 21.Rg5 Rh6 22.Rg4 Nf6
23.Rg2 Rh5 24.e5 Ne8 25.f4 f5 26.Bd1 Rh4 27.Qf1 Rh6 28.Qg1 { 1/2-1/2,
Azmaiparashvili Zurab 2620 - Vaganian Rafael A 2615 , Manila 1992 Olympiad } )
( 13...Ne4 14.Nh4 Nd6 15.f3 Be6 16.e4 f6 17.Qg3 Rf7 18.Bf4 Rd8 19.Rae1 Qd7
20.exd5 Bxd5 21.Bxd6 Qxd6 22.Re8+ Rf8 23.Bxh7+ Kxh7 24.Qxd6 Rxd6 25.Rxf8 Ne7
26.Re1 Rd7 27.f4 Bc6 28.Re3 Nd5 29.Ree8 g5 30.fxg5 fxg5 31.Nf5 Nxc3 32.Re6 {
1-0, Smirnov Pavel 2510 - Bocharov Dmitry 2425 , Kazan 2001 Ch Russia
(juniors) (under 20) } ) ( 13...Rfe8 14.Nh4 Bh5 15.f3 Bg6 16.Nxg6 hxg6 17.e4
Re6 18.e5 Nd7 19.f4 f5 20.g4 Ne7 21.Ba3 Rf8 22.Qh4 Nb8 23.Rf3 Nbc6 24.Rh3 Kf7
25.Qh7 fxg4 26.f5 gxf5 27.Bxf5 gxh3 28.Rf1 Rh6 29.Bd7+ { 1-0, Korotylev Alexey
2465 - Izoria Zviad 2250 , Moscow 1998 Ch Moscow (open) } ) ( 13...Ne7 14.Ne5
{ +0.18 CAP } ) 14.Nh4 g5 { ? N } ( { ? } 14...Na5 15.f3 Nb3 16.Rb1 Nxc1 { } )
( 14...a6 15.f3 b5 16.Rb1 Rab8 17.Ba3 Rfd8 18.Qg3 Qd7 19.Bc5 Bg6 20.Nxg6 hxg6
21.Rfe1 Ne8 22.Qf2 Nc7 23.h4 Ne6 24.Ba3 Qc7 25.f4 bxa4 26.f5 gxf5 27.Rxb8 Nxb8
28.Qxf5 Nf8 29.Rf1 Qd7 30.Bxa4 Qe6 31.Qxe6 fxe6 32.Rb1 Nbd7 33.Rb7 Rb8 34.Rxb8
{ ...1-0, Bannik Anatoly 2175 - Blagidze Alexander, Kiev 1957 Ch URS (1/2
final) } ) 15.Nf5 Bg6 16.f3 Rfe8 17.Qf2 Qd7 { ?! } ( 17...Na5 { !? } 18.e4
Bxf5 19.Bxg5 Nxe4 { } ) 18.e4 dxe4 { ? } ( 18...Bxf5 19.exf5 h6 20.h4 Nh7 { }
) 19.Nh6+ Kg7 20.fxe4 Ng4 21.Nxg4 Qxg4 22.h3 Qd7 23.Bxg5 h6 24.Bf6+ Kh7 25.Qh4
Ne7 26.a5 Nc6 27.Bg5 h5 28.Bf6 b5 29.Rf5 { } {#r} 1-0

[Event "Ch Bulgaria"]
[Site "masterchessopen.com Svilengrad (Bulgaria)"]
[Round "1"]
[White "Iotov Valentin (BUL)"]
[Black "Grigorov Grigor (BUL)"]
[Result "1-0"]
[WhiteElo "2503"]
[BlackElo "2424"]

1.d4 Nf6 2.c4 e6 3.Nc3 Bb4 4.e3 O-O 5.Bd3 d5 6.Nf3 c5 7.O-O Nc6 8.a3 Bxc3
9.bxc3 Qc7 10.Bb2 Na5 11.cxd5 exd5 12.Ne5 c4 13.Bc2 Ne4 14.f3 Nd6 15.Qb1 g6
16.a4 f6 17.Ng4 Bxg4 18.fxg4 Kg7 19.Ba3 Rf7 20.Rf3 Re8 21.Bxd6 Qxd6 22.Qb5 Nc6
23.Raf1 Qa3 24.e4 dxe4 25.Re3 Qa2 26.Rxe4 Rxe4 27.Bxe4 a6 28.Qc5 Qe2 29.Bd5
Qe3+ 30.Kh1 Ne5 31.Bxf7 Nd3 32.Qxc4 Qe2 33.Kg1 Qe3+ 34.Kh1 Qe2 35.Rb1 Nf2+
36.Kg1 Qe3 37.h3 Ne4+ 38.Kh1 Nd2 39.Qc7 Nxb1 40.Ba2+ Kh6 41.Bxb1 Qe1+ 42.Kh2
Qxb1 43.d5 Qe4 44.c4 Qd4 45.a5 Qe4 46.Qd6 Qxc4 47.Qxf6 Qxd5 48.h4 Qc5 49.Kh3
Qc8 50.g3 {#r} 1-0

[Event "Czech League 2005/06 (2nd) (e)"]
[Site "masterchessopen.com Czech Republic"]
[Date "2006.03.12"]
[Round "9"]
[White "Zichacek Libor (CZE)"]
[Black "Plsek Miroslav (CZE)"]
[Result "0-1"]
[WhiteElo "2046"]
[BlackElo "2119"]

1.d4 Nf6 2.c4 e6 3.Nc3 Bb4 4.Nf3 c5 5.e3 d5 6.Bd3 Nc6 7.O-O O-O 8.a3 Bxc3
9.bxc3 Qc7 10.Qc2 b6 11.Rb1 Ba6 12.cxd5 Bxd3 13.Qxd3 exd5 14.a4 Ne4 15.Nd2
Nxd2 16.Qxd2 Rfd8 17.dxc5 bxc5 18.Ba3 Ne5 19.Rb5 Nc4 20.Qa2 Nxa3 21.Qxa3 Rac8
22.Rfb1 d4 23.Rb7 Rb8 24.Rxb8 Rxb8 25.Rd1 d3 26.c4 Qd6 27.g3 Rd8 28.Rd2 h5
29.Qb3 h4 30.Kg2 Qc6+ 31.f3 h3+ 32.Kf2 Qd6 33.Qc3 f5 34.Qa5 Rd7 35.Qb5 g5
36.Ke1 Qe7 37.Kf2 Qd6 38.Ke1 f4 39.gxf4 gxf4 40.e4 Qd4 41.Kf1 Kh7 42.Qb1 Rg7
43.Rf2 Qxc4 44.e5 Kh6 {#R} 0-1

[Event "Ch Paris (open)"]
[Site "masterchessopen.com Paris (France)"]
[Date "2006.07.12"]
[Round "2"]
[White "Pira Davoud (FRA)"]
[Black "David Alberto (LUX)"]
[Result "1-0"]
[WhiteElo "2398"]
[BlackElo "2534"]

1.d4 Nf6 2.Nf3 d5 3.c4 e6 4.Nc3 Bb4 5.e3 O-O 6.Bd3 c5 7.O-O Nc6 8.a3 Bxc3
9.bxc3 Qc7 10.Qe2 b6 11.Bb2 Na5 12.cxd5 exd5 13.Nd2 Ng4 14.g3 Nh6 15.dxc5 Bh3
16.Rfe1 Qxc5 17.c4 dxc4 18.Nxc4 Rad8 19.Bd4 Qd5 20.f3 Nb3 21.Rad1 Nxd4 22.exd4
Qxd4+ 23.Kh1 Qc5 24.g4 Rd4 25.Ne5 Rfd8 26.Rc1 Qxa3 27.Qe3 Qd6 28.Rc6 Qd5
29.Be4 Rxe4 30.fxe4 Qxe5 31.Qxh3 Qf4 32.Qd3 Rf8 33.h3 Re8 34.Rf1 Qg5 {#r} 1-0

[Event "Ch Paris (open)"]
[Site "masterchessopen.com Paris (France)"]
[Date "2006.07.16"]
[Round "9"]
[White "Salaun Yann (FRA)"]
[Black "Dizdar Goran (CRO)"]
[Result "0-1"]
[WhiteElo "2340"]
[BlackElo "2530"]

1.d4 Nf6 2.c4 e6 3.Nc3 Bb4 4.e3 O-O 5.Bd3 d5 6.Nf3 c5 7.O-O Nc6 8.a3 Bxc3
9.bxc3 Qc7 10.cxd5 exd5 11.h3 c4 12.Bb1 Re8 13.Nh2 Ne4 14.Qe1 Bf5 15.g4 Bg6
16.f3 Nd6 17.Bxg6 hxg6 18.Ra2 Re7 19.Re2 Rae8 20.Qf2 b5 21.Rfe1 a5 22.Nf1 b4
23.Ng3 Nb5 24.Rc2 Nxc3 25.Rxc3 bxc3 26.Rf1 Rb8 27.Kg2 Qd6 28.h4 Reb7 29.Kh3
Rb2 30.Qe1 Qxa3 31.Rh1 Nb4 32.Qd1 {#R} 0-1

[Event "It (open)"]
[Site "masterchessopen.com Banyoles (Spain)"]
[Date "2006.08.22"]
[Round "7"]
[White "Hillarp Persson Tiger (SWE)"]
[Black "Lopez Martinez Josep Manuel (ESP)"]
[Result "1-0"]
[WhiteElo "2557"]
[BlackElo "2508"]

{ Hillarp Persson Tiger (SWE) +1 =0 -0 } 1.d4 Nf6 2.c4 e6 3.Nc3 Bb4 4.e3 O-O
5.Bd3 c5 6.Nf3 d5 7.O-O Nc6 8.a3 Bxc3 9.bxc3 Qc7 10.cxd5 exd5 11.a4 { ?/= } (
11.Bb2 Bg4 12.Qe1 Bxf3 13.gxf3 Rfe8 14.Kh1 Na5 15.Rg1 cxd4 16.cxd4 Nc4 17.Bc1
Qc6 18.a4 b6 19.Qf1 Rac8 20.Qg2 g6 21.Qg5 Qd6 22.Qh4 Nd7 23.f4 Qf6 24.Rg5 Kg7
25.Qg3 Nc5 26.Rf5 Nxd3 27.Rxf6 Kxf6 28.Qg5+ Kg7 29.Kg1 Nd6 30.Qxd5 Ne4 {
...1-0, Hillarp Persson Tiger 2549 - Brynell Stellan 2484 , Oerebro 2000 Ch
Sweden } ) 11...c4 ( 11...Re8 12.Ba3 c4 13.Bc2 Ne4 14.Bxe4 Rxe4 15.Nd2 Re8
16.e4 dxe4 17.Re1 Bf5 18.Nxc4 Rad8 19.Ne3 Bc8 20.Qh5 Qa5 21.Qxa5 Nxa5 22.d5 b6
23.Bb4 Nb7 24.a5 f5 25.axb6 axb6 26.Ra7 b5 27.g3 Nd6 28.Bxd6 Rxd6 29.Rb1 Bd7
30.Rba1 Rc8 31.Rb7 { ...1/2-1/2, Lautier Joel 2630 - Kramnik Vladimir 2780 ,
Monaco 1998 It "Melody Amber" (active) } ) 12.Bc2 Re8 ( 12...Bg4 13.Qe1 Bxf3
14.gxf3 Qd7 15.Qe2 Rfe8 16.Kh1 Qh3 17.Rg1 Nh5 18.e4 Re6 19.Be3 Ne7 20.Rab1 b6
21.Rg5 Rh6 22.Rg4 Nf6 23.Rg2 Rh5 24.e5 Ne8 25.f4 f5 26.Bd1 Rh4 27.Qf1 Rh6
28.Qg1 { 1/2-1/2, Azmaiparashvili Zurab 2620 - Vaganian Rafael A 2615 , Manila
1992 Olympiad } ) 13.Nd2 ( 13.Nh4 Qa5 14.Qe1 Ne4 15.Bb2 Qd8 16.f3 Nd2 17.Qxd2
Qxh4 18.e4 Be6 19.Ba3 Qd8 20.Rab1 b6 21.Rfe1 Rb8 22.Qf4 Qd7 23.Kf2 f6 24.h4
Bf7 25.g4 a6 26.Bd6 Rb7 27.exd5 Ne7 28.Bxe7 Rxe7 29.d6 { 1-0, Lugovoi Aleksei
2520 - Acs Peter 2460 , Budapest 1997 It (a) } ) ( 13.Ba3 Ne4 14.Bxe4 Rxe4
15.Nd2 Re8 16.e4 dxe4 17.Re1 Bf5 18.Nxc4 Rad8 19.Ne3 Bc8 20.Qh5 Qa5 21.Qxa5
Nxa5 22.d5 b6 23.Bb4 Nb7 24.a5 f5 25.axb6 axb6 26.Ra7 b5 27.g3 Nd6 28.Bxd6
Rxd6 29.Rb1 Bd7 30.Rba1 Rc8 31.Rb7 g5 32.Raa7 Rd8 { ...1/2-1/2, Lautier Joel
2630 - Kramnik Vladimir 2780 , Monaco 1998 It "Melody Amber" (active) } )
13...Ng4 ( 13...Bg4 14.f3 Bh5 15.Re1 Rad8 16.Nf1 Bg6 17.Ng3 Qa5 18.Bd2 a6
19.e4 dxe4 20.fxe4 Nh5 21.Nf1 Nf6 22.Ng3 Nh5 23.Nf1 Nf6 24.Ng3 { 1/2-1/2,
Kamsky Gata 2735 - Salov Valery 2685 , Sanghi Nagar 1995 Ch World (match)
(cand.) (1/2) } ) ( 13...Ne7 14.Ba3 Bf5 15.Bxe7 Bxc2 16.Qxc2 Rxe7 17.Rfe1 Rae8
18.Nf1 Ne4 19.f3 Nd6 20.Re2 f5 21.Rae1 g6 22.Nd2 Qc6 23.f4 Rb8 24.Nf3 b5
25.Ne5 Qc8 26.g4 b4 27.cxb4 Rxb4 28.Rg2 Kh8 29.Qf2 Kg7 30.Qf3 Qb7 31.Kh1 Rb1
32.Reg1 c3 33.gxf5 { ...1/2-1/2, Iskusnyh Sergei 2430 - Mochalov Evgeny V 2470
, Orel 1995 It } ) 14.g3 { +0.00 CAP } 14...f5 15.Qf3 Qf7 16.h3 Nh6 17.Ba3 { N
} ( 17.Rb1 g5 18.g4 fxg4 19.Qxf7+ Kxf7 20.hxg4 Nxg4 21.e4 Nf6 22.exd5 Na5
23.Nf3 h6 24.Ne5+ Kg7 25.Rb4 Rd8 26.Nxc4 Nxc4 27.Rxc4 Nxd5 28.Re1 Bd7 29.Rc5
Re8 30.Re4 Bc6 31.Rxe8 Rxe8 32.Kf1 Nb6 33.a5 Nd7 34.Rf5 Nf6 35.Bb3 Ng4 36.Bd5
Bxd5 { ...1-0, Kordzaia Revaz 2191 - Paresishvili Giorgi 2252 , Batumi 2003 It
(open) } ) 17...Be6 18.Qg2 Qd7 19.Rfe1 b6 20.f3 f4 { ?! } ( 20...Nf7 { !? }
21.g4 Rad8 22.Qg3 Ne7 23.Reb1 Ng5 24.Ra2 fxg4 25.hxg4 Ng6 { } ) 21.g4 fxe3
22.Rxe3 Bf7 23.Rae1 Rxe3 24.Rxe3 Bg6 25.Bd1 Re8 26.Rxe8+ Qxe8 27.Qe2 Qxe2
28.Bxe2 Bd3 29.Bxd3 cxd3 30.Kf2 Na5 31.Ke3 Nc4+ 32.Nxc4 dxc4 33.Bc1 a6 34.Ke4
b5 35.axb5 axb5 36.Kd5 Kf7 37.Bf4 { } {#r} 1-0

[Event "It (open)"]
[Site "masterchessopen.com Kuala Lumpur (Malaysia)"]
[Date "2006.08.26"]
[Round "10"]
[White "Zakaria Fairin (MAS)"]
[Black "Hamid Rani (BAN)"]
[Result "1-0"]
[WhiteElo "2225"]
[BlackElo "2165"]

1.d4 Nf6 2.c4 e6 3.Nc3 Bb4 4.e3 O-O 5.Bd3 c5 6.Nf3 d5 7.O-O Nc6 8.a3 Bxc3
9.bxc3 Qc7 10.cxd5 exd5 11.h3 Ne7 12.Nh4 Be6 13.f4 Rfd8 14.Bd2 Rab8 15.Be1 Ne4
16.f5 Bd7 17.Qf3 Qc6 18.Qf4 f6 19.Rc1 cxd4 20.exd4 {#r} 1-0

[Event "It (open) \"]
[Site "masterchessopen.com Rodatychi (Ukraine)"]
[Date "2006.08.29"]
[Round "5"]
[White "Ipatov Alexander (ESP)"]
[Black "Dudyev Volodymyr (UKR)"]
[Result "1-0"]
[WhiteElo "2234"]
[BlackElo "2041"]

1.d4 Nf6 2.c4 e6 3.Nc3 Bb4 4.e3 O-O 5.Bd3 d5 6.Nf3 c5 7.O-O Nc6 8.a3 Bxc3
9.bxc3 Qc7 10.h3 Rd8 11.Qe2 dxc4 12.Bxc4 Na5 13.Ba2 c4 14.Qc2 b6 15.e4 Nb3
16.Rb1 Bb7 17.Re1 Nxc1 18.Rbxc1 Rac8 19.Bb1 g6 20.e5 Nh5 21.Ng5 Qe7 22.Qd2
Qxa3 23.Be4 Bd5 24.g4 Ng7 25.Bc2 Qe7 26.Ne4 Bxe4 27.Bxe4 Qh4 28.Bg2 h6 29.Ra1
Rc7 30.Reb1 Kh7 31.Ra4 Rdc8 32.Rba1 Qe7 33.Qa2 h5 34.Rxa7 Qg5 35.Rxc7 Rxc7
36.Qe2 hxg4 37.hxg4 b5 38.Kf1 Qf4 39.Qf3 Qh6 40.Ke2 b4 41.Rh1 Nh5 42.gxh5 g5
43.Qf6 bxc3 44.Be4+ {#r} 1-0

[Event "Ch Finland (team) 2006/07"]
[Site "masterchessopen.com Finland"]
[Date "2006.09.17"]
[Round "2"]
[White "Norri Joose (FIN)"]
[Black "Veingold Aleksandr (EST)"]
[Result "0-1"]
[WhiteElo "2356"]
[BlackElo "2452"]

1.d4 Nf6 2.c4 e6 3.Nc3 Bb4 4.e3 O-O 5.Bd3 d5 6.Nf3 c5 7.O-O Nc6 8.a3 Bxc3
9.bxc3 Qc7 10.cxd5 exd5 11.a4 Re8 12.Ba3 c4 13.Bc2 Ne4 14.Bxe4 Rxe4 15.Nd2 Rh4
16.g3 Rh6 17.e4 Be6 18.e5 Bf5 19.f4 Qd7 20.Rf2 Rg6 21.Nf1 Na5 22.Bb4 Nb3
23.Raa2 Be4 24.Ne3 Qh3 25.Ng2 Rh6 26.Nh4 Rxh4 27.gxh4 a5 28.Bc5 Qxc3 29.Qg4
Qe1+ 30.Rf1 Qe3+ 31.Rff2 Nxc5 32.dxc5 c3 33.Qd7 c2 34.Rxc2 Bxc2 35.Qxb7 Rf8
36.Qxd5 {#R} 0-1

[Event "Ch Romania (team)"]
[Site "masterchessopen.com Predeal (Romania)"]
[Date "2006.11.12"]
[Round "9"]
[White "Raceanu Valentin (ROM)"]
[Black "Manole Vasile (ROM)"]
[Result "1-0"]
[WhiteElo "2398"]
[BlackElo "2387"]

1.d4 Nf6 2.c4 e6 3.Nc3 Bb4 4.e3 O-O 5.Bd3 d5 6.Nf3 c5 7.O-O Nc6 8.a3 Bxc3
9.bxc3 Qc7 10.cxd5 exd5 11.a4 Re8 12.Ba3 c4 13.Bc2 Bg4 14.Qe1 Ne7 15.Bxe7 Rxe7
16.Ne5 Rae8 17.f4 Bc8 18.Qb1 Qa5 19.Ra3 h6 20.Re1 Qc7 21.a5 Ng4 22.Ra2 Nxe5
23.fxe5 Rf8 24.Rf1 f6 25.Bh7+ Kh8 26.Raf2 g5 27.Bc2 Re6 28.Bf5 fxe5 29.Bxe6
Rxf2 30.Rxf2 Bxe6 31.Qg6 {#r} 1-0

[Event "Memorial N.Aratovsky (open)"]
[Site "masterchessopen.com Saratov (Russia)"]
[Date "2006.11.27"]
[Round "1"]
[White "Tropin Aleksandr (RUS)"]
[Black "Askarov Marat (RUS)"]
[Result "0-1"]
[WhiteElo "2052"]
[BlackElo "2480"]

1.d4 Nf6 2.c4 e6 3.Nc3 Bb4 4.e3 O-O 5.Bd3 d5 6.Nf3 c5 7.O-O Nc6 8.a3 Bxc3
9.bxc3 Qc7 10.Qe2 dxc4 11.Bxc4 e5 12.d5 Na5 13.e4 Nxc4 14.Qxc4 Ne8 15.Be3 b6
16.Nd2 Nd6 17.Qe2 f5 18.exf5 Bxf5 19.Nc4 Rae8 20.f3 Nc8 21.a4 Qd7 22.Rfd1 e4
23.f4 Bg4 24.Qd2 Bxd1 {#R} 0-1

[Event "It (cat.9)"]
[Site "masterchessopen.com Guingamp (France)"]
[Date "2007.02.16"]
[Round "1"]
[White "Dumitrache Dragos-Nicolae (ROM)"]
[Black "Bellaiche Anthony (FRA)"]
[Result "1-0"]
[WhiteElo "2485"]
[BlackElo "2448"]

1.d4 Nf6 2.c4 e6 3.Nf3 d5 4.Nc3 Bb4 5.e3 O-O 6.a3 Bxc3+ 7.bxc3 c5 8.Bd3 Nc6
9.O-O Qc7 10.cxd5 exd5 11.Nh4 c4 12.Bc2 Ne7 13.Qe1 Re8 14.a4 Ng4 15.g3 Nf6
16.f3 Bh3 17.Rf2 g5 18.Ng2 Bxg2 19.Kxg2 g4 20.Qd1 Qd6 21.fxg4 Ne4 22.Bxe4 dxe4
23.Qf1 Rac8 24.Raa2 Qe6 25.Rf6 Qxg4 26.Raf2 Ng6 27.h3 Qg5 28.Kh2 Qa5 29.Rxf7
Qxc3 30.h4 Rf8 31.h5 Rxf7 32.Rxf7 Nh8 33.Rf4 Qd3 34.Qh3 Qc2+ 35.Kh1 Re8 36.Ba3
Qd1+ 37.Rf1 Qe2 38.Qf5 h6 39.Be7 Qxf1+ 40.Qxf1 Rxe7 41.Qxc4+ Nf7 42.Qc5 Kf8
43.Qxa7 Ng5 44.Qb6 Rh7 45.Kg2 Ke8 46.g4 Kf8 47.Qd6+ Ke8 48.Qb8+ {#r} 1-0

[Event "Tournament (team) \"]
[Site "masterchessopen.com Sao Paulo (Brazil)"]
[Date "2007.03.03"]
[Round "5"]
[White "Fier Alexander Hilario Takeda (BRA)"]
[Black "Van Riemsdijk Herman C (BRA)"]
[Result "1-0"]
[WhiteElo "2516"]
[BlackElo "2391"]

1.Nf3 d5 2.d4 Nf6 3.c4 e6 4.Nc3 Bb4 5.e3 O-O 6.Bd3 c5 7.O-O Nc6 8.a3 Bxc3
9.bxc3 Qc7 10.a4 Re8 11.Ba3 dxc4 12.Bxc4 b6 13.Qe2 Bb7 14.Rfd1 Ne4 15.Rac1 Na5
16.Bb5 Red8 17.Bd3 c4 18.Bc2 Qc6 19.Ne5 Ng3 20.fxg3 {#r} 1-0

[Event "It"]
[Site "masterchessopen.com Dmitrov (Russia)"]
[Date "2007.07.24"]
[Round "5"]
[White "Paikidze Nazi (GEO)"]
[Black "Shalimov Valery (UKR)"]
[Result "0-1"]
[WhiteElo "2292"]
[BlackElo "2439"]

1.d4 Nf6 2.c4 e6 3.Nc3 Bb4 4.e3 O-O 5.Bd3 c5 6.Nf3 d5 7.O-O Nc6 8.a3 Bxc3
9.bxc3 Qc7 10.Qe2 dxc4 11.Bxc4 e5 12.dxe5 Nxe5 13.Nxe5 Qxe5 14.f4 Qe7 15.Bd3
Re8 16.c4 Bd7 17.Re1 Bc6 18.Bb2 Be4 19.Bxe4 Nxe4 20.Qg4 f6 21.Rad1 Rad8 22.Qe2
Qe6 23.Rd3 Rxd3 24.Qxd3 Nd6 25.Bc1 f5 26.Qd5 b6 27.Rd1 Qxd5 28.cxd5 b5 29.Kf2
a5 30.Bb2 Kf7 31.Be5 Nc4 32.d6 Nxe5 33.fxe5 Ke6 34.Rc1 Rc8 35.e4 f4 36.Rd1 b4
37.d7 Rd8 38.Rd5 Rxd7 39.Rxc5 Rb7 40.axb4 axb4 41.Kf3 b3 42.Rc1 b2 43.Rb1 Kxe5
{#R} 0-1

[Event "Cup Belgrade (open)"]
[Site "masterchessopen.com Obrenovac (Yugoslavia)"]
[Date "2007.11.30"]
[Round "9"]
[White "Urosevic Marija (SRB)"]
[Black "Bogdanovski Vlatko (MKD)"]
[Result "0-1"]
[WhiteElo "2076"]
[BlackElo "2429"]

1.d4 Nf6 2.c4 e6 3.Nc3 Bb4 4.e3 O-O 5.Bd3 d5 6.Nf3 c5 7.O-O Nc6 8.a3 Bxc3
9.bxc3 Qc7 10.Qe2 dxc4 11.Bxc4 e5 12.Nxe5 Nxe5 13.dxe5 Qxe5 14.f3 Rd8 15.e4
Bd7 16.Re1 Bc6 17.Qa2 Bd5 18.Be3 Bxc4 19.Qxc4 b6 20.a4 Ne8 21.a5 Nd6 22.Qb3 b5
23.f4 Qxe4 24.Bxc5 Qc6 25.Bd4 Nf5 26.Be5 Rd2 {#R} 0-1

[Event "Ch World (corr.) (final) XXII"]
[Site "masterchessopen.com corr."]
[Round "0"]
[White "Holmberg Rune"]
[Black "Drake Diez de Rivera Pedro"]
[Result "0-1"]
[WhiteElo "2513"]
[BlackElo "2574"]

1.d4 Nf6 2.c4 e6 3.Nc3 Bb4 4.e3 O-O 5.Bd3 d5 6.Nf3 c5 7.O-O Nc6 8.a3 Bxc3
9.bxc3 Qc7 10.Bb2 Na5 11.cxd5 exd5 12.Ne5 c4 13.Bc2 Ne4 14.f3 Nd6 15.Qb1 g6
16.a4 f6 17.Ng4 Bxg4 18.fxg4 Rae8 19.Ba3 Kg7 20.Qb4 Rd8 21.Qb2 Rf7 22.Rae1 Re8
23.Bxd6 Qxd6 24.Qb5 Nc6 25.Rf3 Rfe7 26.h4 Nd8 27.Ref1 a6 28.Qb1 Rxe3 29.h5
Rxf3 30.Rxf3 Qe7 31.Bxg6 Qe1+ 32.Rf1 Qxb1 33.Bxb1 Re2 34.Rf2 Re1+ 35.Rf1 Rxf1+
36.Kxf1 a5 37.Bf5 h6 38.Kf2 Kf7 39.Ke3 Ke7 40.Kf4 Nf7 41.Bg6 Nd6 {#R} 0-1

[Event "Ch Australia"]
[Site "masterchessopen.com Parramatta (Australia)"]
[Date "2008.01.07"]
[Round "7"]
[White "Illingworth Max (AUS)"]
[Black "Lane Gary W (AUS)"]
[Result "1-0"]
[WhiteElo "2250"]
[BlackElo "2371"]

1.d4 Nf6 2.c4 e6 3.Nc3 Bb4 4.e3 O-O 5.Bd3 d5 6.Nf3 c5 7.O-O Nc6 8.a3 Bxc3
9.bxc3 Qc7 10.cxd5 exd5 11.Bb2 Bg4 12.Qe1 Rfe8 13.Nd2 Rad8 14.h3 Bc8 15.Rc1 h6
16.Qe2 Rd7 17.a4 b6 18.Ba3 c4 19.Bc2 Rdd8 20.Rfe1 Ne7 21.f3 Ng6 22.Qf2 Bb7
23.e4 dxe4 24.fxe4 Nf4 25.Re3 a6 26.Rce1 Ng6 27.e5 Nd5 28.Rg3 Ndf4 29.Ne4 Bxe4
30.Rxe4 Nd3 31.Qf5 Qc6 32.e6 Nh8 33.Rxg7+ Kxg7 34.Rg4+ Ng6 35.Qxf7+ Kh8
36.Qf6+ {#r} 1-0

[Event "Extra League 2007/08"]
[Site "masterchessopen.com Czech Republic"]
[Date "2008.04.13"]
[Round "11"]
[White "Stocek Jiri (CZE)"]
[Black "Votava Jan (CZE)"]
[Result "1-0"]
[WhiteElo "2578"]
[BlackElo "2542"]

1.d4 Nf6 2.c4 e6 3.Nc3 d5 4.Nf3 Bb4 5.e3 O-O 6.Bd3 c5 7.O-O Nc6 8.a3 Bxc3
9.bxc3 Qc7 10.h3 Re8 11.Bb2 Na5 12.cxd5 exd5 13.Ne5 c4 14.Bc2 Ne4 15.Qh5 g6
16.Qh6 Nd6 17.Qf4 Qe7 18.Rae1 Nc6 19.Nxc6 bxc6 20.f3 Rb8 21.Bc1 Rb3 22.e4 dxe4
23.fxe4 Rxc3 24.Qd2 Rxc2 25.Qxc2 Nxe4 26.Qxc4 Qd7 27.Bh6 Qd5 28.Qxd5 cxd5
29.Rb1 Ba6 30.Rfc1 Ng3 31.Rc7 Nf5 32.Bg5 Nxd4 33.Rxa7 Ne2+ 34.Kh2 Bc4 35.Bf6
h6 36.Rab7 g5 37.Rb8 Rxb8 38.Rxb8+ Kh7 39.a4 Kg6 40.Rb6 Kf5 41.a5 Ke4 42.Rb4
{#r} 1-0